000 004470000a22001690004500
003 MACL
005 20151205122055.0
008 151205b xxu||||| |||| 00| 0 eng d
040 _aMACL
_cMACL
041 _aEnglish
082 _a741.642
100 _aJennings, Terry
_919226
245 _aThe Earth
_bThe Young Geographer Investigates
260 _bOxford University Press
_c1989
650 _aChildren's Book
_919227
942 _cBK
_k741.642
_2ddc
999 _c5059
_d5059